| 000 | 00515pab a2200181 454500 | ||
|---|---|---|---|
| 008 | 180718b2003 xxu||||| |||| 00| 0 eng d | ||
| 100 | _aHsiao, Cheng | ||
| 245 | _aForeign direct investment and economic growth: the importance of institutions and urbanization | ||
| 260 | _c2003 | ||
| 300 | _ap.883-96. | ||
| 362 | _aJul | ||
| 650 | _aUrbanization | ||
| 650 | _aEconomic growth | ||
| 650 | _aForeign investment | ||
| 700 | _aShen, Yan | ||
| 773 | _aEconomic Development and Cultural Change | ||
| 909 | _a59067 | ||
| 999 |
_c59067 _d59067 |
||